000 00723nam a22002177a 4500
005 20170124110232.0
010 _aB-110490
020 _c575.00
_a8178240491
035 _aB-110490
037 _bCen Lib/Ret
040 _aDPL
_bEN
082 _a954.01
_bCHA
100 _aChattopadhyaya, Brajadulal
_9105527
245 _aStudying early India :
_cby Brajadulal Chattopadhyaya
_barchaeology, texts, and historical issues /
260 _aDelhi
_bPermanent Black
_c2003
270 _bDelhi
_aD-28 Oxford Apartments, 11, I.P.Extension
_e110092
300 _avi, 283p.
_c20cm(Hb)
650 _aHistoriography
_y
_9105528
650 _aHistory -- texts and issues
_9105529
942 _2ddc
_cEN
_h954.01
_mCHA
999 _c134701
_d134701